000 01351cam a22003374i 4500
001 19945
003 CO-MdFUSB
005 20210706171615.0
007 ta
008 180420s19361947enk||||g |||| 00| 0 eng d
040 _aCO-MdFUSB
_bspa
_cCO-MdFUSB
_dCO-MdFUSB
_erda
041 _aeng
082 _224
_aG 227.8307
_bS425p
100 1 _aScott, E. F.
_eautor
245 0 4 _aThe Pastoral epistles
_c/ E. F. Scott
264 1 _aLondon :
_bHodder and Stoughton,
_c℗1947
300 _axxxviii, 186 páginas :
_c23 cm
336 _2rdacontent
_atexto
_btxt
337 _2rdamedia
_asin mediación
_bn
338 _2rdacarrier
_avolumen
_bnc
490 _aThe Moffatt New Testament Commentary
504 _aIncluye índice (páginas 184-186)
505 _aNombre y carácter -- Configuración biográfica -- Autenticidad -- Fecha y relación mutua -- Propósito general -- Propósito eclesiástico -- Propósito doctrinal -- Propósito ético -- Valor histórico -- Valor permanente -- Comentario sobre la Primera Epístola de Pablo a Timoteo -- Comentario sobre la Segunda Epístola de Pablo a Timoteo -- Comentario sobre la Epístola de Pablo a Tito
563 _aPasta dura
630 0 7 _aBiblia.
_pTimoteo, 1ª
630 0 7 _aBiblia.
_pTimoteo, 2ª
630 0 7 _aBiblia.
_pTito
942 _cBK
945 _aYC-574
999 _c46302
_d46302